Statistics for 2-Syllable U.S. States Quiz

Click here to take the quiz!

General Stats

  • This quiz has been taken 422 times
    (228 since last reset)
  • The average score is 5 of 6

Answer Stats

State% Correct
Texas
91%
Kansas
90%
Utah
90%
Vermont
86%
Georgia
82%
New York
80%

Score Distribution

Percentile by Number Answered

Percent of People with Each Score

Your Score History

You have not taken this quiz since the last reset